[Event "Catalunya-chT Gp2"]
[Site "Barcelona"]
[Date "2025.02.01"]
[Round "3.9"]
[White "Triadu Cassa, Jordi"]
[Black "Clotet Mas, Dan"]
[Result "1-0"]
[WhiteElo "2108"]
[BlackElo "2004"]
[PlyCount "157"]
[EventDate "2025.01.18"]
[EventType "team-tourn"]
[EventRounds "5"]
[EventCountry "ESP"]
[SourceTitle "CB07_2025"]
[SourceDate "2025.02.12"]
[SourceVersion "1"]
[SourceVersionDate "2025.02.12"]
[SourceQuality "1"]
[WhiteTeam "Olot"]
[BlackTeam "Cerdanyola Valles"]
[WhiteTeamCountry "ESP"]
[BlackTeamCountry "ESP"]

1. e4 e5 2. Nf3 Nc6 3. Bb5 a6 4. Ba4 Bc5 5. 0-0 Nge7 6. c3 Ng6 7. d4 Ba7 8. Bg5 f6 9. Be3 0-0 10. d5 Nce7 11. d6 cxd6 12. Qxd6 Bb8 13. Bb3+ Kh8 14. Qd3 d6 15. Nfd2 f5 16. f3 Nf4 17. Bxf4 exf4 18. Na3 Nc6 19. Nc2 Ba7+ 20. Nd4 Rf6 21. Rfd1 Rh6 22. exf5 Qh4 23. Nf1 Qg5 24. Bc2 Rf6 25. Kh1 Nxd4 26. cxd4 Bxf5 27. Qd2 Rc8 28. Rac1 Rff8 29. Bb3 Bd7 30. Rxc8 Rxc8 31. Ng3 Qh6 32. Ne4 Bc6 33. d5 Bb5 34. a4 Be3 35. Qb4 Bc5 36. Nxc5 dxc5 37. Rc1 Bd7 38. Rxc5 Re8 39. Rc1 Qh4 40. g3 Qf6 41. Qc3 Qh6 42. Qd2 Qb6 43. Bd1 Qd6 44. Kg2 fxg3 45. hxg3 Re5 46. Bb3 h6 47. Re1 Rg5 48. f4 Rh5 49. Qe3 Rxd5 50. Bxd5 Qxd5+ 51. Qe4 Qh5 52. Qe5 Bc6+ 53. Kf2 Qh2+ 54. Ke3 Qxg3+ 55. Kd2 Qb3 56. a5 Qb4+ 57. Kc1 Ba4 58. f5 Qc4+ 59. Qc3 Qf4+ 60. Re3 Qxf5 61. b3 Bc6 62. Kb2 Qf2+ 63. Ka3 Qf8+ 64. Kb2 Qf2+ 65. Ka3 Qf8+ 66. Kb2 Qf2+ 67. Ka3 h5 68. Re5 Qf3 69. Qc5 h4 70. Rh5+ Kg8 71. Qc4+ Kf8 72. Rh8+ Ke7 73. Qxh4+ Kd7 74. Qd4+ Bd5 75. Qxg7+ Kc6 76. Rh6+ Kb5 77. Qd7+ Bc6 78. Qd6 Qg4 79. Rh5+ 1-0

[Event "Catalunya-chT Gp2"]
[Site "Barcelona"]
[Date "2025.01.18"]
[Round "1.10"]
[White "Clotet Mas, Dan"]
[Black "Prada Villagrasa, Pau Manel"]
[Result "0-1"]
[WhiteElo "2004"]
[BlackElo "2034"]
[PlyCount "78"]
[EventDate "2025.01.18"]
[EventType "team-tourn"]
[EventRounds "5"]
[EventCountry "ESP"]
[SourceTitle "CB07_2025"]
[SourceDate "2025.02.12"]
[SourceVersion "1"]
[SourceVersionDate "2025.02.12"]
[SourceQuality "1"]
[WhiteTeam "Cerdanyola Valles"]
[BlackTeam "Colon Sabadell"]
[WhiteTeamCountry "ESP"]
[BlackTeamCountry "ESP"]

1. e4 c6 2. Nf3 d5 3. d3 e6 4. Be2 Nf6 5. e5 Nfd7 6. c4 Qc7 7. Bf4 Nb6 8. 0-0 Be7 9. Qc1 N8d7 10. Nc3 0-0 11. a3 Qd8 12. b4 c5 13. bxc5 Nxc5 14. Qc2 dxc4 15. dxc4 Bd7 16. Rfd1 Qc7 17. a4 a5 18. Nd4 Na6 19. Ncb5 Qc5 20. Nb3 Qc8 21. Be3 Nd5 22. Qc1 Nxe3 23. Qxe3 Nb4 24. Rac1 Bc6 25. N3d4 Rd8 26. Nxc6 bxc6 27. Nd6 Bxd6 28. exd6 c5 29. Bf3 Ra6 30. Qe5 f6 31. Qg3 Qd7 32. h3 Rxd6 33. Rxd6 Qxd6 34. Rd1 Qe7 35. Re1 Nd3 36. Rb1 Nb4 37. Re1 Nc2 38. Rb1 Nd4 39. Rb7 Qxb7 0-1

[Event "El Vendrell op 4th"]
[Site "El Vendrell"]
[Date "2024.07.13"]
[Round "9"]
[White "Plasencia Martinez, Victor"]
[Black "Clotet Mas, Dan"]
[Result "0-1"]
[WhiteElo "2157"]
[BlackElo "1928"]
[PlyCount "94"]
[EventDate "2024.07.13"]
[EventType "swiss"]
[EventRounds "9"]
[EventCountry "ESP"]
[SourceTitle "CBM 221 Extra"]
[Source "ChessBase"]
[SourceDate "2024.09.30"]
[SourceVersion "1"]
[SourceVersionDate "2024.09.30"]
[SourceQuality "1"]

1. e4 c6 2. d4 d5 3. Nc3 dxe4 4. Nxe4 Bf5 5. Ng3 Bg6 6. h4 h6 7. Nf3 Nd7 8. h5 Bh7 9. Bd3 Bxd3 10. Qxd3 e6 11. Bd2 Ngf6 12. 0-0-0 Be7 13. Kb1 0-0 14. Ne4 Nxe4 15. Qxe4 Nf6 16. Qe2 Qd5 17. c4 Qe4+ 18. Qxe4 Nxe4 19. Be3 f5 20. g3 Bg5 21. Nxg5 hxg5 22. Rhf1 Rad8 23. Kc2 Kh7 24. Bc1 Kh6 25. b3 Kxh5 26. Ba3 Rf7 27. Bb2 Kg6 28. Rde1 g4 29. Rd1 Rfd7 30. b4 Ng5 31. Rd3 Nf3 32. Rfd1 e5 33. d5 e4 34. Ra3 a6 35. Ra5 cxd5 36. cxd5 Kf7 37. Rc5 b6 38. Rc6 Rxd5 39. Rxd5 Rxd5 40. Bc3 f4 41. Rxb6 e3 42. fxe3 fxg3 43. Rb7+ Ke6 44. e4 Rd6 45. e5 Rc6 46. Rxg7 g2 47. Rxg4 g1Q 0-1

[Event "Torredembarra op 24th"]
[Site "Torredembarra"]
[Date "2024.07.01"]
[Round "3"]
[White "Castillo Dalmau, Albert"]
[Black "Clotet Mas, Dan"]
[Result "1-0"]
[WhiteElo "2330"]
[BlackElo "2110"]
[PlyCount "95"]
[EventDate "2024.06.29"]
[EventType "swiss"]
[EventRounds "9"]
[EventCountry "ESP"]
[SourceTitle "CBM 221 Extra"]
[Source "ChessBase"]
[SourceDate "2024.09.30"]
[SourceVersion "1"]
[SourceVersionDate "2024.09.30"]
[SourceQuality "1"]

1. d4 d5 2. c4 e6 3. Nf3 Nf6 4. g3 Bb4+ 5. Bd2 a5 6. Bg2 0-0 7. Qc2 Be7 8. 0-0 c6 9. b3 Ne4 10. Bf4 g5 11. Bc1 f5 12. Nc3 Nd7 13. Bb2 Bf6 14. Nxe4 fxe4 15. Ne5 Qc7 16. f3 Nxe5 17. dxe5 Bxe5 18. fxe4 d4 19. Rxf8+ Kxf8 20. Rf1+ Kg8 21. Qd2 Qg7 22. e3 c5 23. exd4 Bxd4+ 24. Bxd4 cxd4 25. e5 Qxe5 26. Rd1 Kf7 27. Qf2+ Qf6 28. Qb2 Qe5 29. Qf2+ Qf6 30. Rxd4 Qxf2+ 31. Kxf2 Ke7 32. Ke3 Rb8 33. c5 Bd7 34. Rd6 Rc8 35. Kd4 Rc7 36. Rb6 e5+ 37. Kc4 Be6+ 38. Bd5 Bc8 39. Rh6 Kf8 40. Be4 Rd7 41. Bd5 Kg7 42. Rb6 Kf8 43. a3 Ke8 44. Rb5 Rc7 45. Rb6 Rd7 46. Rf6 Kd8 47. Rf8+ Kc7 48. Rxc8+ 1-0

[Event "ESP-ch Catalunya U16"]
[Site "Cambrils"]
[Date "2024.03.27"]
[Round "7"]
[White "Montes Molina, Ivan"]
[Black "Clotet Mas, Dan"]
[Result "1/2-1/2"]
[WhiteElo "2100"]
[BlackElo "2028"]
[PlyCount "150"]
[EventDate "2024.03.23"]
[EventType "swiss"]
[EventRounds "9"]
[EventCountry "ESP"]
[SourceTitle "EXT 2025"]
[Source "ChessBase"]
[SourceDate "2024.10.14"]
[SourceVersion "1"]
[SourceVersionDate "2024.10.14"]
[SourceQuality "1"]

1. e4 e5 2. Nf3 Nc6 3. d4 exd4 4. Bc4 Nf6 5. e5 d5 6. Bb5 Nd7 7. 0-0 Be7 8. Bxc6 bxc6 9. Nxd4 Nb8 10. f4 c5 11. Nf3 Bf5 12. Nc3 d4 13. Ne2 h5 14. Ng3 Bc8 15. Ne4 Bf5 16. Re1 Kf8 17. b3 a5 18. Ng3 Bc8 19. Qd3 g6 20. Ne4 Bf5 21. Qc4 Be6 22. Qf1 Qd5 23. Ba3 Na6 24. c3 dxc3 25. Nxc3 Qc6 26. Ne4 Nb4 27. Bxb4 axb4 28. Neg5 Kg7 29. Nxe6+ Qxe6 30. Ng5 Bxg5 31. fxg5 Rhe8 32. Qf2 c4 33. bxc4 Qxc4 34. Rac1 Qxa2 35. Qf6+ Kg8 36. Rxc7 Ra7 37. Rc6 Qd2 38. Rf1 Qd4+ 39. Kh1 Qxe5 40. Rc8 Qb5 41. Rxe8+ Qxe8 42. Qb6 Ra2 43. Qxb4 Qe2 44. Rg1 Qf2 45. Qb8+ Kh7 46. Qe5 Re2 47. Qc3 Rc2 48. Qa3 Qf5 49. Qa7 Rf2 50. Qe7 Kg7 51. h3 Rf3 52. Kh2 Qf4+ 53. Kh1 Re3 54. Qd8 Qf5 55. Qd4+ Qe5 56. Qd8 Rg3 57. Qd2 Rxg5 58. Re1 Qf6 59. Qd3 Rf5 60. Rd1 Kh7 61. Re1 Kg7 62. Rd1 Rf4 63. Qd6 Rf1+ 64. Kh2 Rxd1 65. Qxd1 Qf4+ 66. Kh1 h4 67. Qa1+ Qf6 68. Qa4 g5 69. Qd1 Qf4 70. Qa1+ Qf6 71. Qd1 Qc3 72. Qf1 f6 73. Qb1 Kh6 74. Qd1 Kg6 75. Qd8 Qc1+ 1/2-1/2

[Event "ESP-ch U16 rapid"]
[Site "Salobrena"]
[Date "2023.07.30"]
[Round "5"]
[White "Calvo Gonzalez, Jose Felix"]
[Black "Clotet Mas, Dan"]
[Result "1/2-1/2"]
[WhiteElo "1960"]
[BlackElo "1787"]
[PlyCount "144"]
[EventDate "2023.07.29"]
[EventType "swiss (rapid)"]
[EventRounds "9"]
[EventCountry "ESP"]
[SourceTitle "EXT 2024"]
[Source "ChessBase"]
[SourceDate "2023.10.10"]
[SourceVersion "1"]
[SourceVersionDate "2023.10.10"]
[SourceQuality "1"]

1. d4 d5 2. c4 e6 3. Nc3 a6 4. cxd5 exd5 5. Nf3 Nf6 6. Bg5 Be6 7. e3 Nbd7 8. Bd3 Bd6 9. 0-0 c6 10. Rc1 Qc7 11. h3 h6 12. Bxf6 Nxf6 13. a3 0-0 14. b4 Qe7 15. Rb1 a5 16. Qb3 axb4 17. axb4 Ne4 18. Rfd1 f5 19. Ne5 Bxe5 20. dxe5 d4 21. Bc4 Nxc3 22. Bxe6+ Kh8 23. exd4 Nxb1 24. Rxb1 Rae8 25. d5 cxd5 26. Bxd5 Qxe5 27. Bxb7 Qb5 28. Bf3 Rb8 29. Qc3 Rfc8 30. Qd2 Qc4 31. Qd7 Qb5 32. Qd6 Rd8 33. Qf4 Rb6 34. h4 Rbd6 35. h5 Rd4 36. Qc7 Qb8 37. Qc5 f4 38. b5 Qd6 39. Qf5 Rb8 40. Be4 Rd1+ 41. Rxd1 Qxd1+ 42. Kh2 Kg8 43. Qh7+ Kf7 44. Qg6+ Kg8 45. b6 Qd8 46. b7 Qe7 47. Qc6 Qh4+ 48. Kg1 Qxh5 49. Qd6 Qe8 50. Qxf4 Kh8 51. Qf5 Kg8 52. Qh7+ Kf8 53. Bg6 Qe1+ 54. Kh2 Qe5+ 55. g3 Rxb7 56. Qh8+ Ke7 57. Qe8+ Kd6 58. Qd8+ Rd7 59. Qb8+ Ke6 60. Qb3+ Kf6 61. Bd3 Qh5+ 62. Kg1 Qd5 63. Qc3+ Qd4 64. Qc6+ Ke7 65. Bf5 Rd6 66. Qc7+ Kf6 67. Bh3 Qd1+ 68. Kh2 Qd4 69. Kg1 Qd1+ 70. Kh2 Qd2 71. Kg2 Qd5+ 72. Kg1 Ke5 1/2-1/2

[Event "ESP-ch U16 rapid"]
[Site "Salobrena"]
[Date "2023.07.30"]
[Round "9"]
[White "Clotet Mas, Dan"]
[Black "Fernandez Rosado, Roberto"]
[Result "0-1"]
[WhiteElo "1787"]
[BlackElo "2096"]
[PlyCount "130"]
[EventDate "2023.07.29"]
[EventType "swiss (rapid)"]
[EventRounds "9"]
[EventCountry "ESP"]
[SourceTitle "EXT 2024"]
[Source "ChessBase"]
[SourceDate "2023.10.10"]
[SourceVersion "1"]
[SourceVersionDate "2023.10.10"]
[SourceQuality "1"]

1. e4 e5 2. Nf3 Nc6 3. Bc4 Nf6 4. d3 Be7 5. Nc3 0-0 6. a3 a6 7. h3 d6 8. 0-0 h6 9. Nd5 Nxd5 10. Bxd5 Be6 11. Re1 Qd7 12. c4 Nd8 13. Bxe6 Nxe6 14. d4 exd4 15. Nxd4 Nxd4 16. Qxd4 Bf6 17. e5 Qe6 18. Bf4 dxe5 19. Bxe5 Rad8 20. Qc3 Bxe5 21. Rxe5 Qg6 22. Re3 Rd6 23. Rae1 Rfd8 24. Re7 R6d7 25. R7e3 Rd6 26. Qa5 Rc6 27. Qb4 Rb6 28. Qe7 Qd6 29. b4 Qxe7 30. Rxe7 Rc6 31. Re8+ Rxe8 32. Rxe8+ Kh7 33. c5 b6 34. cxb6 cxb6 35. Re3 Kg6 36. Rf3 f5 37. Kf1 Kf6 38. g4 g6 39. gxf5 gxf5 40. Ke2 Rc2+ 41. Kd3 Ra2 42. Kc4 Ke5 43. Kb3 Re2 44. h4 Ke4 45. Rc3 Rxf2 46. Rc6 Rf3+ 47. Kb2 a5 48. Rxh6 axb4 49. axb4 Rh3 50. b5 f4 51. Rxb6 f3 52. Re6+ Kf5 53. Re8 Rxh4 54. Kc3 Kf4 55. b6 Rh7 56. Rf8+ Ke3 57. Re8+ Kf2 58. Rc8 Rb7 59. Rc6 Kg2 60. Rg6+ Kf1 61. Kd2 f2 62. Rf6 Rd7+ 63. Ke3 Ke1 64. b7 Rxb7 65. Ra6 Re7+ 0-1

[Event "ESP-ch U16 rapid"]
[Site "Salobrena"]
[Date "2023.07.29"]
[Round "2"]
[White "Clotet Mas, Dan"]
[Black "Domene Mulyukov, Alexander"]
[Result "0-1"]
[WhiteElo "1787"]
[BlackElo "2196"]
[PlyCount "52"]
[EventDate "2023.07.29"]
[EventType "swiss (rapid)"]
[EventRounds "9"]
[EventCountry "ESP"]
[SourceTitle "EXT 2024"]
[Source "ChessBase"]
[SourceDate "2023.10.10"]
[SourceVersion "1"]
[SourceVersionDate "2023.10.10"]
[SourceQuality "1"]

1. e4 g6 2. d4 Bg7 3. Nc3 d6 4. Be3 Nf6 5. Qd2 c6 6. 0-0-0 Qa5 7. f3 b5 8. a3 Nbd7 9. Nb1 Qc7 10. Qc3 Qb7 11. Bd3 a5 12. Qd2 Nb6 13. Bh6 Bxh6 14. Qxh6 b4 15. e5 dxe5 16. dxe5 Nfd5 17. h4 Be6 18. Ne2 Na4 19. axb4 Nxb2 20. Nd4 Nxd1 21. Nxe6 Nf2 22. Qg7 fxe6 23. Qxh8+ Kd7 24. Qxh7 Nxh1 25. Qxg6 Nf2 26. h5 Qxb4 0-1

[Event "ESP-ch U16"]
[Site "Salobrena"]
[Date "2022.07.30"]
[Round "9"]
[White "Kocharyan Baghdasaryan, Arman"]
[Black "Clotet Mas, Dan"]
[Result "1/2-1/2"]
[WhiteElo "2001"]
[BlackElo "1765"]
[PlyCount "60"]
[EventDate "2022.07.25"]
[EventType "swiss"]
[EventRounds "9"]
[EventCountry "ESP"]
[SourceTitle "EXT 2023"]
[Source "ChessBase"]
[SourceDate "2022.10.05"]
[SourceVersion "1"]
[SourceVersionDate "2022.10.05"]
[SourceQuality "1"]

1. e4 c6 2. d4 d5 3. Nd2 dxe4 4. Nxe4 Bf5 5. Ng3 Bg6 6. h4 h6 7. Nf3 Nd7 8. h5 Bh7 9. Bd3 Bxd3 10. Qxd3 e6 11. Bd2 Ngf6 12. 0-0-0 Be7 13. Ne4 Nxe4 14. Qxe4 Nf6 15. Qe2 Qd5 16. c4 Qe4 17. Qxe4 Nxe4 18. Be3 f5 19. Rhe1 0-0 20. g3 Rad8 21. Ne5 Bd6 22. Kc2 Rfe8 23. a3 Nf6 24. Rh1 Re7 25. f3 Rc7 26. Nd3 Kf7 27. Rdg1 b5 28. b3 a5 29. a4 b4 30. g4 Rcd7 1/2-1/2

[Event "ESP-ch U16"]
[Site "Salobrena"]
[Date "2022.07.28"]
[Round "6"]
[White "Moll Gener, Joan"]
[Black "Clotet Mas, Dan"]
[Result "1/2-1/2"]
[WhiteElo "2034"]
[BlackElo "1765"]
[PlyCount "103"]
[EventDate "2022.07.25"]
[EventType "swiss"]
[EventRounds "9"]
[EventCountry "ESP"]
[SourceTitle "EXT 2023"]
[Source "ChessBase"]
[SourceDate "2022.10.05"]
[SourceVersion "1"]
[SourceVersionDate "2022.10.05"]
[SourceQuality "1"]

1. e4 e5 2. Nf3 Nc6 3. d4 exd4 4. Bc4 Nf6 5. 0-0 Nxe4 6. Re1 d5 7. Bxd5 Qxd5 8. Nc3 Qd7 9. Rxe4+ Be7 10. Nxd4 Nxd4 11. Rxd4 Qc6 12. Qe2 Be6 13. Qb5 0-0 14. Qxc6 bxc6 15. Ne4 Rab8 16. b3 h6 17. Ra4 Rb4 18. Rxb4 Bxb4 19. Be3 Bf5 20. c3 Bxe4 21. cxb4 a6 22. Bf4 Rb8 23. a3 Bd5 24. Rc1 Re8 25. Kf1 Re7 26. f3 Kf8 27. Kf2 Ke8 28. Rc3 Kd7 29. Be3 h5 30. Ke2 g6 31. Rd3 Kc8 32. Kf2 Kb7 33. Kg3 Rd7 34. Kf4 Kc8 35. g4 hxg4 36. fxg4 Re7 37. h3 Re6 38. Rc3 Kd7 39. Kg3 Re4 40. Rd3 Re6 41. h4 Re5 42. Bf4 Re1 43. h5 gxh5 44. gxh5 Ke6 45. Bxc7 Rh1 46. Kg4 Rg1+ 47. Kh4 Kf5 48. a4 Rh1+ 49. Kg3 Rxh5 50. b5 axb5 51. axb5 Ke4 52. Rd1 1/2-1/2

[Event "ESP-ch U14"]
[Site "Salobrena"]
[Date "2022.07.22"]
[Round "8"]
[White "Molina Ortega, Carlos"]
[Black "Clotet Mas, Dan"]
[Result "0-1"]
[WhiteElo "1548"]
[BlackElo "1765"]
[PlyCount "90"]
[EventDate "2022.07.18"]
[EventType "swiss"]
[EventRounds "9"]
[EventCountry "ESP"]
[SourceTitle "EXT 2023"]
[Source "ChessBase"]
[SourceDate "2022.10.05"]
[SourceVersion "1"]
[SourceVersionDate "2022.10.05"]
[SourceQuality "1"]

1. e4 c6 2. d4 d5 3. exd5 cxd5 4. Bd3 Nf6 5. Bf4 Qb6 6. Nc3 Bd7 7. Nge2 Nc6 8. Nb5 Rc8 9. c4 dxc4 10. Bxc4 Na5 11. Bc7 Rxc7 12. Nxc7+ Qxc7 13. Bd3 e6 14. 0-0 Bd6 15. f4 Nd5 16. Rc1 Nc6 17. Qd2 0-0 18. Bb1 Qb6 19. Rf3 Nce7 20. Qe1 f5 21. Rb3 Bb4 22. Qg3 Ba4 23. Rf3 Bd2 24. Rcf1 Qxb2 25. h4 Ng6 26. Bd3 Qxa2 27. h5 Nge7 28. R1f2 Be1 29. h6 Bxf2+ 30. Rxf2 g6 31. Kh2 Qb3 32. Rf3 Qb6 33. Rf1 Bc6 34. Rb1 Qc7 35. Qf2 Nf6 36. Kg1 Ng4 37. Qg3 Qd6 38. Bc4 Bd5 39. Bxd5 Qxd5 40. Qa3 Nc6 41. Rxb7 Rf7 42. Qa6 Rxb7 43. Qxb7 Nxh6 44. Qa8+ Kg7 45. Qb7+ Nf7 0-1

[Event "ESP-ch States U14"]
[Site "Isla"]
[Date "2022.06.26"]
[Round "6"]
[White "Cereijo Suarez, Nerea"]
[Black "Clotet Mas, Dan"]
[Result "1-0"]
[WhiteElo "1590"]
[BlackElo "1832"]
[PlyCount "75"]
[EventDate "2022.06.23"]
[EventType "swiss"]
[EventRounds "6"]
[EventCountry "ESP"]
[SourceTitle "EXT 2023"]
[Source "ChessBase"]
[SourceDate "2022.10.05"]
[SourceVersion "1"]
[SourceVersionDate "2022.10.05"]
[SourceQuality "1"]

1. e4 c6 2. d4 d5 3. exd5 cxd5 4. Bd3 Nf6 5. Bf4 Nc6 6. c3 g6 7. Nd2 Bg7 8. Ngf3 0-0 9. 0-0 Bf5 10. Qc2 Bxd3 11. Qxd3 a6 12. a4 e6 13. Rfe1 Ne7 14. a5 Nf5 15. h3 Rc8 16. Ne5 Nd7 17. Nxd7 Qxd7 18. Nb3 Qc6 19. Nc5 Rcd8 20. b4 Nd6 21. Bxd6 Rxd6 22. Rab1 b5 23. axb6 Qxb6 24. Ra1 Ra8 25. Ra5 f6 26. Rea1 e5 27. dxe5 fxe5 28. Rxa6 Rxa6 29. Rxa6 Qc7 30. Rxd6 Qxd6 31. Qa6 Bf8 32. Qc8 Kf7 33. Kf1 d4 34. cxd4 Qxd4 35. Qxf8+ Kxf8 36. Ne6+ Ke7 37. Nxd4 exd4 38. Ke2 1-0

[Event "ESP-ch States U14"]
[Site "Isla"]
[Date "2022.06.23"]
[Round "1"]
[White "Clotet Mas, Dan"]
[Black "Pleschke, Julius Jonas"]
[Result "1-0"]
[WhiteElo "1832"]
[BlackElo "1633"]
[PlyCount "95"]
[EventDate "2022.06.23"]
[EventType "swiss"]
[EventRounds "6"]
[EventCountry "ESP"]
[SourceTitle "EXT 2023"]
[Source "ChessBase"]
[SourceDate "2022.10.05"]
[SourceVersion "1"]
[SourceVersionDate "2022.10.05"]
[SourceQuality "1"]

1. e4 c6 2. Nf3 d5 3. d3 dxe4 4. dxe4 Qxd1+ 5. Kxd1 Bg4 6. Be2 Nd7 7. Nfd2 Bxe2+ 8. Kxe2 Ngf6 9. f3 e6 10. Nc4 Nb6 11. Nbd2 Nfd7 12. a4 Nxc4 13. Nxc4 Nb6 14. Ne5 Nd7 15. Nxd7 Kxd7 16. Rd1+ Ke8 17. Be3 Be7 18. Rd3 Rd8 19. Rxd8+ Kxd8 20. Bxa7 Kc7 21. Bd4 Bf6 22. e5 Be7 23. a5 c5 24. Bc3 Kc6 25. b3 Ra8 26. Bd2 Bd8 27. Ra4 Kb5 28. Rg4 g6 29. Rf4 Bxa5 30. Rxf7 Bxd2 31. Kxd2 Kc6 32. Rxh7 b5 33. Rg7 Rh8 34. h3 Rh6 35. Ke3 c4 36. bxc4 bxc4 37. Ke4 Kc5 38. c3 Kb5 39. f4 Ka4 40. Rb7 Rh8 41. Rb4+ Ka5 42. Rxc4 Rd8 43. Rd4 Rb8 44. Rd6 Rb2 45. Kf3 Rb3 46. Rxe6 Rxc3+ 47. Kg4 g5 48. f5 1-0

[Event "Menorca op 1st"]
[Site "Ciutadella de Menorca"]
[Date "2022.04.20"]
[Round "1"]
[White "Clotet Mas, Dan"]
[Black "Baskin, Robert"]
[Result "0-1"]
[WhiteElo "1910"]
[BlackElo "2393"]
[PlyCount "90"]
[EventDate "2022.04.20"]
[EventType "swiss"]
[EventRounds "7"]
[EventCountry "ESP"]
[SourceTitle "CBM 207 Extra"]
[Source "ChessBase"]
[SourceDate "2022.05.31"]
[SourceVersion "1"]
[SourceVersionDate "2022.05.31"]
[SourceQuality "1"]

1. e4 c5 2. Nf3 d6 3. d4 cxd4 4. Nxd4 Nf6 5. f3 Nc6 6. c4 Qb6 7. Nc2 e6 8. Nc3 a6 9. Rb1 Bd7 10. Be3 Qc7 11. Nd4 Ne5 12. Rc1 Rc8 13. Qb3 Be7 14. Be2 Nxc4 15. Bxc4 Qxc4 16. Qxb7 Qc7 17. Qxc7 Rxc7 18. Kf2 Rb7 19. Rc2 0-0 20. Rd1 Rc8 21. Rcd2 h6 22. Nb3 e5 23. g4 Be6 24. Nc1 h5 25. h3 Nh7 26. Nd3 h4 27. Kg2 g6 28. a3 a5 29. Kh2 Ng5 30. Kg2 f5 31. Ne1 fxe4 32. Nxe4 Nxe4 33. fxe4 Rc4 34. Nf3 Rxe4 35. Bg5 Bf8 36. Bxh4 Re3 37. Re1 Reb3 38. Ree2 Bc4 39. Re4 Bb5 40. Re1 Bc6 41. Rf1 Rf7 42. Rdf2 Rd3 43. Bg3 e4 44. Ne1 e3+ 45. Kh2 Rd2 0-1

[Event "Platja d'Aro op 8th"]
[Site "Platja d'Aro"]
[Date "2021.06.26"]
[Round "2"]
[White "Palchuk, Andrii"]
[Black "Clotet Mas, Dan"]
[Result "1-0"]
[WhiteElo "2174"]
[BlackElo "1609"]
[PlyCount "73"]
[EventDate "2021.06.25"]
[EventType "swiss"]
[EventRounds "9"]
[EventCountry "ESP"]
[SourceTitle "CBM 203 Extra"]
[Source "ChessBase"]
[SourceDate "2021.09.30"]
[SourceVersion "1"]
[SourceVersionDate "2021.09.30"]
[SourceQuality "1"]

1. d4 d5 2. c4 e6 3. Nc3 a6 4. cxd5 exd5 5. Nf3 Nf6 6. Bg5 c6 7. Qc2 Be7 8. e3 Nbd7 9. Bd3 h6 10. Bf4 Nh5 11. 0-0 Nxf4 12. exf4 0-0 13. Rfe1 Nf6 14. Na4 Bb4 15. Re3 Bd6 16. g3 Bd7 17. a3 Qc7 18. Rae1 Rae8 19. Ne5 Rd8 20. b4 Ng4 21. R3e2 Nxe5 22. fxe5 Be7 23. Nc5 Bxc5 24. Qxc5 Ra8 25. Bb1 a5 26. Qc2 g6 27. e6 Bxe6 28. Rxe6 fxe6 29. Rxe6 Qh7 30. Rxg6+ Kh8 31. Qd2 Rf6 32. Rxf6 Qxb1+ 33. Kg2 Kg8 34. Qxh6 Qe4+ 35. Kh3 Qh7 36. Qxh7+ Kxh7 37. Rf7+ 1-0

[Event "EU-ch U12"]
[Site "Bratislava"]
[Date "2019.08.09"]
[Round "8"]
[White "Smetana, Peter"]
[Black "Clotet Mas, Dan"]
[Result "1/2-1/2"]
[WhiteElo "1305"]
[BlackElo "1595"]
[PlyCount "96"]
[EventDate "2019.08.02"]
[EventType "swiss"]
[EventRounds "9"]
[EventCountry "SVK"]
[SourceTitle "EXT 2020"]
[Source "ChessBase"]
[SourceDate "2019.10.17"]
[SourceVersion "1"]
[SourceVersionDate "2019.10.17"]
[SourceQuality "1"]

1. e4 c6 2. Nf3 d5 3. Nc3 Bg4 4. h3 Bxf3 5. Qxf3 e6 6. exd5 cxd5 7. Bb5+ Nc6 8. 0-0 Nf6 9. Re1 Be7 10. d3 0-0 11. Bxc6 bxc6 12. Bf4 h6 13. a3 Bd6 14. Bxd6 Qxd6 15. d4 Rab8 16. Rab1 c5 17. Qe3 c4 18. Ne2 Rb6 19. b4 Rfb8 20. c3 a5 21. Ng3 axb4 22. axb4 Ra8 23. Qe5 Qxe5 24. Rxe5 Nd7 25. Re3 Ra3 26. Rc1 Rba6 27. Rc2 Rb3 28. Ne2 Nb6 29. Kh2 Rba3 30. Nc1 Kf8 31. Kg3 Ke7 32. Kf3 Nd7 33. Ne2 Rb6 34. g4 Ra8 35. Nf4 Nf6 36. h4 g5 37. hxg5 hxg5 38. Ne2 Rh8 39. Ng3 Kd7 40. Re5 Nh7 41. Ra2 Rb7 42. Ra6 Re8 43. Re3 Nf8 44. Nh5 Ke7 45. Ng3 Kf6 46. Re5 Rd8 47. Re2 Kg7 48. Re1 Ng6 1/2-1/2

[Event "EU-ch U10 27th"]
[Site "Mamaia"]
[Date "2017.09.11"]
[Round "6"]
[White "Fleri, Matthew"]
[Black "Clotet Mas, Dan"]
[Result "1-0"]
[WhiteElo "1564"]
[BlackElo "1310"]
[PlyCount "99"]
[EventDate "2017.09.05"]
[EventType "swiss"]
[EventRounds "9"]
[EventCountry "ROU"]
[SourceTitle "CBM 180 Extra"]
[Source "ChessBase"]
[SourceDate "2017.10.06"]
[SourceVersion "1"]
[SourceVersionDate "2017.10.06"]
[SourceQuality "1"]

1. e4 e5 2. Nf3 Nc6 3. Bc4 Bc5 4. d3 h6 5. Be3 Bb6 6. h3 Nf6 7. Nbd2 0-0 8. 0-0 d6 9. c3 Re8 10. Qc2 Qe7 11. Nh2 Be6 12. Bb3 Rad8 13. c4 Nd4 14. Bxd4 Bxd4 15. Nhf3 Bb6 16. Rfe1 Nh5 17. Nf1 Qd7 18. Kh1 Nf4 19. Ng1 Kh8 20. Ne3 Qe7 21. Nd5 Bxd5 22. cxd5 Qg5 23. g3 Ng6 24. h4 Qg4 25. Qd2 f5 26. Bd1 Qxd1 27. Raxd1 fxe4 28. dxe4 Rf8 29. Nh3 Rf7 30. Kg2 Rdf8 31. Qe2 Ne7 32. Rc1 a5 33. a3 g5 34. hxg5 hxg5 35. Rf1 Rg7 36. Qh5+ Kg8 37. Nxg5 Rf6 38. Ne6 Rgf7 39. Rc2 Ng6 40. b3 c6 41. Ng5 Rg7 42. dxc6 bxc6 43. Rxc6 Bc7 44. Rfc1 Bd8 45. Rc8 Rf8 46. Ne6 Re8 47. Nxg7 Kxg7 48. R1c7+ Kf8 49. Qh6+ Kg8 50. Qg7# 1-0

[Event "EU-ch U10 27th"]
[Site "Mamaia"]
[Date "2017.09.08"]
[Round "4"]
[White "Pingin, Artem"]
[Black "Clotet Mas, Dan"]
[Result "1-0"]
[WhiteElo "1996"]
[BlackElo "1310"]
[PlyCount "123"]
[EventDate "2017.09.05"]
[EventType "swiss"]
[EventRounds "9"]
[EventCountry "ROU"]
[SourceTitle "CBM 180 Extra"]
[Source "ChessBase"]
[SourceDate "2017.10.06"]
[SourceVersion "1"]
[SourceVersionDate "2017.10.06"]
[SourceQuality "1"]

1. c4 c5 2. g3 Nc6 3. Bg2 g6 4. e3 Bg7 5. Ne2 d6 6. 0-0 Bd7 7. Nbc3 Nf6 8. d4 cxd4 9. exd4 Rc8 10. b3 0-0 11. Bb2 e6 12. Qd2 Qe7 13. Rad1 Rfd8 14. Ba3 a6 15. h3 Na5 16. c5 d5 17. Rfe1 Nc6 18. Na4 Rc7 19. Nb6 Bc8 20. Bb2 h5 21. Nc3 Qf8 22. Qf4 Re7 23. Nca4 Kh7 24. g4 Kg8 25. a3 Kh8 26. b4 Kg8 27. Bf3 hxg4 28. hxg4 Nh7 29. Kg2 Bh6 30. Qg3 Ng5 31. Rh1 Nxf3 32. Qxf3 Kg7 33. Qh3 Qh8 34. g5 Bxg5 35. Qxh8+ Rxh8 36. Rxh8 Kxh8 37. Nxc8 Re8 38. Nd6 Rd8 39. Nxf7+ Kg7 40. Nxd8 Nxd8 41. Bc1 Bf6 42. Nc3 Nc6 43. Be3 Kf7 44. b5 axb5 45. Nxb5 Na5 46. Nd6+ Ke7 47. Rh1 Kf8 48. Rh7 Be7 49. Rh8+ Kg7 50. Rb8 Bxd6 51. cxd6 Nc6 52. d7 Kf7 53. d8Q Nxd8 54. Rxd8 Ke7 55. Bg5+ Kf7 56. Rd7+ Ke8 57. Rxb7 Kf8 58. a4 Ke8 59. a5 Kf8 60. a6 Ke8 61. a7 Kf8 62. a8Q# 1-0

[Event "EU-ch U08 26th"]
[Site "Prague"]
[Date "2016.08.18"]
[Round "1"]
[White "Clotet Mas, Dan"]
[Black "Pashikyan, Rudolf"]
[Result "0-1"]
[WhiteElo "1037"]
[BlackElo "1465"]
[PlyCount "40"]
[EventDate "2016.08.18"]
[EventType "swiss"]
[EventRounds "9"]
[EventCountry "CZE"]
[SourceTitle "CBM 174 Extra"]
[Source "ChessBase"]
[SourceDate "2016.10.10"]
[SourceVersion "1"]
[SourceVersionDate "2016.10.10"]
[SourceQuality "1"]

1. d4 d5 2. e4 dxe4 3. Nc3 Nf6 4. f3 Bf5 5. Be3 e6 6. h4 Bb4 7. g4 Nd5 8. Bd2 e3 9. gxf5 exd2+ 10. Qxd2 exf5 11. Bc4 Nxc3 12. bxc3 Be7 13. Qe3 0-0 14. h5 Re8 15. Kd2 Bg5 16. Qxg5 Qxg5+ 17. Kd1 Qg2 18. Rh3 Qxg1+ 19. Kd2 Qe3+ 20. Kd1 Qe1# 0-1